Movies Quiz

Random Movies or Director Quiz
Score 0/10 Timer 10:00
0 Plays Today
Anagram Title Answer % Correct
The Hated FrogThe Godfather
96.8%
Man Sting BabeBatman Begins
87.1%
Holly Pee SlowSleepy Hollow
83.9%
Hen InsightThe Shining
80.6%
Perform GustForrest Gump
80.6%
Baby SodBad Boys
77.4%
Urban LenderBlade Runner
74.2%
Law SettlerWall Street
61.3%
Try Mop InteriorMinority Report
54.8%
Bison Pessimism OilMission: Impossible
54.8%
Remove Ads.
Support Sporcle.
Get the best of Sporcle when you Go Orange. This ad-free experience offers more features, more stats, and more fun while also helping to support Sporcle. Thank you for becoming a member.

You're not logged in!

Compare scores with friends on all Sporcle quizzes.
OR
Log In

Show Comments

Extras

Top Quizzes Today


Score Distribution

Your Account Isn't Verified!

In order to create a playlist on Sporcle, you need to verify the email address you used during registration. Go to your Sporcle Settings to finish the process.

Report this User

Report this user for behavior that violates our Community Guidelines.

Details: